Bilinmeyen bir fikih kitabi çevirisi hiyeretü'l-fukaha /
Elmentve itt :
| Szerző: | |
|---|---|
| Dokumentumtípus: | Könyv része |
| Megjelent: |
2007
|
| Sorozat: | Studia uralo-altaica
47 Turcology in Turkey : selected papers 47 |
| Kulcsszavak: | Turkológia |
| Tárgyszavak: | |
| Online Access: | http://acta.bibl.u-szeged.hu/16636 |
| LEADER | 00741naa a2200217 i 4500 | ||
|---|---|---|---|
| 001 | acta16636 | ||
| 005 | 20220118153214.0 | ||
| 008 | 161015s2007 hu o 0|| tur d | ||
| 022 | |a 0133-4239 | ||
| 040 | |a SZTE Egyetemi Kiadványok Repozitórium |b hun | ||
| 041 | |a tur | ||
| 100 | 1 | |a Argunşah Mustafa | |
| 245 | 1 | 0 | |a Bilinmeyen bir fikih kitabi çevirisi |h [elektronikus dokumentum] : |b hiyeretü'l-fukaha / |c Argunşah Mustafa |
| 260 | |c 2007 | ||
| 300 | |a 1-9 | ||
| 490 | 0 | |a Studia uralo-altaica |v 47 | |
| 490 | 0 | |a Turcology in Turkey : selected papers |v 47 | |
| 650 | 4 | |a Bölcsészettudományok | |
| 650 | 4 | |a Nyelvek és irodalom | |
| 695 | |a Turkológia | ||
| 856 | 4 | 0 | |u http://acta.bibl.u-szeged.hu/16636/1/altaica_047_001-009.pdf |z Dokumentum-elérés |